Normal view MARC view
  • Neamen D.A. & Biswas D

Entry Personal Name

Number of records used in: 1

001 - CONTROL NUMBER

  • control field: 201623

003 - CONTROL NUMBER IDENTIFIER

  • control field: OSt

005 - DATE AND TIME OF LATEST TRANSACTION

  • control field: 20230714220541.0

008 - FIXED-LENGTH DATA ELEMENTS

  • fixed length control field: 230714|| aca||aabn | a|a d

040 ## - CATALOGING SOURCE

  • Original cataloging agency: OSt
  • Transcribing agency: OSt

100 ## - HEADING--PERSONAL NAME

  • Personal name: Neamen D.A. & Biswas D

670 ## - SOURCE DATA FOUND

  • Source citation: Work cat.: (OSt)225468: Neamen D.A., Semiconductor Physics And Devices , 2013